000 01188nam a2200205Ia 4500
999 _c37624
_d37624
001 3596
003 GE_BSU
005 20190627144647.0
008 181216s2011||||ge |||||||||||||| ||geo||
040 _cGE_BSU
041 _ageo
080 _a324(479.22) ს–32
245 _aსაქართველოს ეროვნული ანტიკორუფციული სისტემის შეფასება, 2011 /
_cმთ. მკვლევარი ერეკლე ურუშაძე ; პროექტის ხელმძღვ., რედ. და ტექსტ. ნაწ. ავტ. კეიტლინ რაიანი
264 _aთბილისი :
_bსაერთაშორისო გამჭვირვალობა-საქართველო,
_c2011.
300 _a245 გვ. ;
_b27 სმ.
653 _aსაქართველოს ანტიკორუფციული სისტემები
700 _aურუშაძე, ერეკლე
_eმკვლევარი
_91007
700 _aრაიანი, კეიტლინ
_eრედაქტორი
_91961
942 _cBK
_2udc